| 000 | 00479nam a2200193Ia 4500 | ||
|---|---|---|---|
| 008 | 180207s9999 xx 000 0 und d | ||
| 020 | _a9780141500522 | ||
| 050 | _bC536 2006 | ||
| 100 | _aChild, Lauren | ||
| 245 | _aWe honestly can look after your dog / | ||
| 245 | _cby Lauren Child. | ||
| 260 | _aEngland : | ||
| 260 | _bPuffin Books, | ||
| 260 | _c2006 | ||
| 300 | _aunpaged : | ||
| 300 | _bcolor illustration ; | ||
| 300 | _c23cm. | ||
| 440 | _aCharlie and Lola. | ||
| 999 |
_c355478 _d355478 |
||